000
00221nam a22001097a 4500
041
_a
eng
080
_a
80
100
_a
Rowlinson, William
245
_a
Oxford. 10,000 german words.
650
_a
Reference
999
_c
279756
_d
279756
942
_c
BK